000
00252nam a2200097Ia 4500
001
1253563
005
20251031150956.0
008
251031s9999 xx 000 0 und d
245
0
_c
KEMAL RAMAZAN HAYKIRAN
_a
Y-7 GAZİ UMUR BEY
260
_b
ERDEM YAYINLARI
999
_c
1253563
_d
1253563